Normal view
MARC view
Entry Chronological Term
001 - CONTROL NUMBER
- control field: 6746
003 - CONTROL NUMBER IDENTIFIER
- control field: OSt
005 - DATE AND TIME OF LATEST TRANSACTION
- control field: 20160209150330.0
008 - FIXED-LENGTH DATA ELEMENTS
- fixed length control field: 160209|| aca||aabn | a|a d
040 ## - CATALOGING SOURCE
- Original cataloging agency: OSt
- Transcribing agency: OSt
148 ## - HEADING--CHRONOLOGICAL TERM
- Chronological term: Microsoft
670 ## - SOURCE DATA FOUND
- Source citation: Work cat.: (OSt): Liengme, Bernard V. 6745, A guide to microsoft excel :, 2000
